The Yawning Grave by Lord Huron - Lyrics Quiz - Statistics

General Stats
  • This quiz has been taken 28 times
  • The average score is 97 of 127
Answer Stats
Answer % Correct
i
100%
a
94%
and
94%
the
94%
to
94%
you
94%
(you
94%
in
88%
am
82%
can
82%
for
82%
not
82%
oh
82%
birds
76%
but
76%
can't
76%
coming
76%
get
76%
grave)
76%
know
76%
like
76%
lost
76%
rule
76%
run
76%
told
76%
when
76%
yawning
76%
brings
71%
darkness
71%
evil
71%
fool
71%
of
71%
poems
71%
rules
71%
sky
71%
things
71%
where
71%
all
65%
fly
65%
hear
65%
reckoning
65%
rhymes
65%
tell
65%
them
65%
there
65%
trees
65%
wild
65%
are
59%
clouds
59%
escape)
59%
that
59%
were
59%
begins
53%
breeze
53%
child
53%
kinds
53%
melodies
53%
omens
53%
on
53%
sent
53%
signs
53%
speak
53%
tried
53%
warn
53%
rain
47%
rocks
47%
sing
47%
taught
47%
names
41%
songs
41%
will
35%
write
35%
open
29%
No matching quizzes found
Score Distribution
Percent of People with Each Score
Percentile by Number Answered
Your Score History
You have not taken this quiz